00535nam a22001457a 4500003000400000005001700004008004100021040001400062100002400076245011000100260001000210300002900220500010800249504003200357OSt20171010095442.0120613t xxu||||| |||| 00| 0 eng d aMMSUcULS aCalangan, Leizl R.  aKinetic studies on the adsorption of zinc using carbonized cornstalk as an adsorbent cLeizl R. Calangan  c2006  axii, 48 leaves c28 cm.  aThesis (BS Chemical Engineering) -- Mariano Marcos State University-College of Engineering, Batac City  aBibliography: leaves 37-39